1473 1514 1331 1440 1184 1417 1153 1410 1638 1095 1255 1522 1822 1063 1927 1616 1253 1128 1072 1347 1565 1481 1844 1019 1001 1220 1368 1299 1851 1402 1910 1177 1148 1747 1874 1478 1859 1156 1850 1184 1291 1108 1147 1850 1772 1776 1270 1844 1258 1640 1685 1569 1076 1245 1902 1778 1835 1852 1295 1981 1955 1748 1709 1643 1182 1098 1400 1409 1393 1402 1085 1486 1067 1903 1040 1429 1639 1219 1769 1314 1144 1818 1079 1019 1882 1766 1603 1887 1591 1033 1672 1626 1640 1658 1706 1359 1384 1394 1403 BCNSPRNW ULIB Ver.6.0+V

เปลี่ยนเป็นภาษาไทย

Change to English
 แสดงรายละเอียดบรรณานุกรม
  กลับหน้าหลัก

Brief Record : Get Marc (ISO 2709) : E-mail record : QR code < ปิดหน้าต่าง
LEADER : 00000nam 2200000uu 4500
001    13399115157
003     ULIB
008    120713s2551||||th 000 0 tha d
020    9789742461430
060  4 QU145^bส881ม
100 0  สุวิทย์ ชวเดช
245 00 มังสวิรัติหรือชีวจิต :^nศาสตร์แห่งการไม่กินเนื้อที่แท้จริง^cสุวิทย์ ชวเดช
260    กรุงเทพฯ:^bสมิต 2005,^c2551
300    111 หน้า:^bภาพประกอบ,^c27 ซม
650  4 มังสวิรัต
650  4 ชีวจิต
945    ^p84^l0^i19147
995    เกษร
999 ^a ใช้งานได้ทุกระบบ
รายการนี้ยังไม่มีแท็ก
คุณยังไม่ได้ล็อกอิน คุณสามารถมีกิจกรรมร่วมกับเว็บไซต์ได้ แต่ต้องล็อกอินก่อน ::
  ล็อกอิน

รายการสื่อสารสนเทศ

ลำดับที่ ประเภท เลขเรียก/บาร์โค้ด สถานที่ สถานะ
- ไม่พบข้อมูล -

รายการใกล้เคียง
    หัวเรื่อง [มังสวิรัต]
    หัวเรื่อง [ชีวจิต]

BibComment


ยังไม่เคยถูกคอมเมนท์

คอมเมนท์ทรัพยากรรายการนี้
  คอมเมนท์: มังสวิรัติหรือชีว..


 Copyright 2026. Bcnsprnw @Library